| 000 | 00575nam a22001217a 4500 | ||
|---|---|---|---|
| 040 | _cRUA | ||
| 082 | _aAVM SAV 2025 B705 Or.1 | ||
| 100 | _aSAVORN SARAY,សាវន សារាយ | ||
| 245 | _aGastro-intestinal parasites in chicken at rohas commune,rovieng district, preah vihear province, បរាសិតក្នុងប្រដាប់រំលាយអាហារមាន់នៅឃុំរហ័ស ស្រុករវៀង ខេត្តព្រះវិហារ | ||
| 260 |
_aPHNOM PENH _bRUA _c2025 |
||
| 300 |
_axi,49p. _bill. _c29cm. |
||
| 942 | _cAVM | ||
| 999 |
_c25818 _d25818 |
||